Az utazásközvetítő irodák sikeressége a Passport Club utazási iroda példáján

Bibliographic Details
Main Author: Kenéz Petra
Other Authors: Talabos István
Format: Project work
Kulcsszavak:Passport
Siker
Utazás
Online Access:http://dolgozattar.uni-bge.hu/17370

MARC

LEADER 00000nnm a2200000 i 4500
001 dolg17370
005 20180924160545.0
008 180518suuuu hu o 000 hun d
040 |a BGE Dolgozattár Repozitórium  |b hun 
041 |a hu 
100 1 |a Kenéz Petra 
245 1 3 |a Az utazásközvetítő irodák sikeressége a Passport Club utazási iroda példáján  |c Kenéz Petra  |h [elektronikus dokumentum] 
246 1 1 |a Az utazásközvetítő irodák sikeressége a Passport Club utazási iroda példáján 
516 |a Project_work 
695 |a Passport 
695 |a Siker  
695 |a Utazás 
700 1 |a Talabos István  |e ths 
856 4 0 |u http://dolgozattar.uni-bge.hu/17370/1/Projekt%20Munka%20-%20Ken%C3%A9z%20Petra.pdf  |z Dokumentum-elérés